Mô hình phương sai có điều kiện thay đổi và ứng dụng : Luận văn Thạc sĩ chuyên ngành Lý thuyết xác suất và thống kê toán học

Đề tài trình bày các kiến thức về xác suất và chuỗi thời gian, mô hình phương sai có điều kiện thay đổi và ứng dụng vào bài toán dự báo giá chứng khoán và tính giá trị rủi ro của dự án đầu tư VaR với sự trợ giúp của phần mềm EVIEWS...

全面介绍

Đã lưu trong:
书目详细资料
主要作者: Nguyễn, Huế Tiên
格式: 图书
语言:Undetermined
出版: Cần Thơ Trường Đại học Cần Thơ 2014
主题:
标签: 添加标签
没有标签, 成为第一个标记此记录!
Thư viện lưu trữ: Trung tâm Học liệu Trường Đại học Cần Thơ
LEADER 01206nam a2200217Ia 4500
001 CTU_194065
008 210402s9999 xx 000 0 und d
082 |a 519.538 
082 |b T305 
088 |a 604615 
100 |a Nguyễn, Huế Tiên 
245 0 |a Mô hình phương sai có điều kiện thay đổi và ứng dụng : 
245 0 |b Luận văn Thạc sĩ chuyên ngành Lý thuyết xác suất và thống kê toán học 
245 0 |c Nguyễn Huế Tiên ; Lê Sĩ Đồng (Hướng dẫn khoa học) 
260 |a Cần Thơ 
260 |b Trường Đại học Cần Thơ 
260 |c 2014 
520 |a Đề tài trình bày các kiến thức về xác suất và chuỗi thời gian, mô hình phương sai có điều kiện thay đổi và ứng dụng vào bài toán dự báo giá chứng khoán và tính giá trị rủi ro của dự án đầu tư VaR với sự trợ giúp của phần mềm EVIEWS. 
650 |a Analysis of variance,Phân tích phương sai 
910 |a Hải 
980 |a Trung tâm Học liệu Trường Đại học Cần Thơ